000 00484nam a2200169Ia 4500
008 231217s9999 xx 000 0 und d
020 _a812650904X
041 _aEnglish
082 _a001.642 SIL;59
100 _aSilberschatz, Abraham. Galvin, Peter Baer. Gagne, Greg.
245 0 _aOperating system concepts : windows xp update
250 _a6th ed.
260 _c2003
_bJohn Wiley
_aNew Delhi
300 _axxi+951
650 _aOperating,:,windows,xp,update
942 _cAA
999 _c178037
_d178037